000 00730nam a2200241Ia 4500
003 OSt
005 20220918191831.0
006 a|||||r|||| 00| 0
007 ta
008 220917b |||||||| |||| 00| 0 eng d
024 _a65,338
037 _cTextual
040 _aARTS
_cARTS
_beng
041 _2eng
_aeng
082 _aQ8451a, F3
110 _aMulla Feroze Library (Bombay)
_977313
245 0 _aDescriptive catalogue of some manuscripts bearing on zoroastrianism and pertaining to the different collections comp by Bomanji Nusserwanji Dhabhar
260 _c1923
650 _aRELIGION
700 _aMulla Feroze Library (Bombay)
_977314
942 _hQ8451a, F3
_cTEXL
_2CC
999 _c191587
_d191587